00448nam a22001217a 450000500170000002000250001703700080004224500890005026000310013927000980017030000320026870000260030020120102101041.0 a9788128630019c60.00 bPUB aRipley's believe it or not!:cby Sheri Bell Rehwoldt...(et al) btotally bosessed / aMumbai bEuro Books c2011 aDani Corporat e Park, First Floor, 158, Vidyanagari Marg, Kalina, SantacruzbMumbaie400098 aunpages bill.c21cm(pbk)  aBell-Rehwoldt, Sheri